| 000 | 00639nam a2200205 4500 | ||
|---|---|---|---|
| 001 | 68231 | ||
| 003 | ES-MaACL | ||
| 005 | 20230906170229.0 | ||
| 007 | t| | ||
| 008 | 040611m19271929es e ||||1|dspa d | ||
| 080 | _a972.84 | ||
| 080 | _a908.728.4 | ||
| 100 | 1 |
_aGarcía, Miguel Ángel. _954081 |
|
| 245 | 1 | 0 |
_aDiccionario histórico-enciclopédico de la República de El Salvador / _cMiguel Ángel García. |
| 260 |
_aSan Salvador : _bLa Luz, _c[1927-29] ( _fLa Salvadoreña) |
||
| 300 |
_a3 v. ; _c26 cm. |
||
| 651 | 4 |
_aEl Salvador- _xHistoria. _98154 |
|
| 651 | 4 |
_aEl Salvador- _xDescripción. _9144849 |
|
| 852 |
_aES-MaACL _jB-13013-15 |
||
| 999 |
_c68231 _d68231 |
||